00867nam a2200169 a 4500008004100000050002200041110004700063245014900110246010800259260003700367300000900404350000900413650004100422995009300463999001700556952012400573081124s1985 ||||||||||||||||| || u aGOV.ZAM(02)1985/3 aGovernment of the Republic of Zambia (GRZ)10aSummary of the main recommendations of the Administrative Committee of Inquiry into the Salaries, Salary Structures and Conditions of Service... aThe Zambia Public and Teaching Services, the Judicial Service and the Zambia Police and Prisons Service aLusakabGovernment Printerc1985 a99p. a0.00 aCIVIL SERVICE--SALARIES, ETC--ZAMBIA D0.00FCBU-MAIN LIBRARY (Kitwe)H1I0.00M1UAVAILABLEWNov 24, 2008ZZambiana Collection c59081d59081 00102lcc4070a001b001cZambiana Collectiond2022-11-30l0oGOV.ZAM(02)1985/3p03003214r2022-11-30w2022-11-30y002